La poesía en la escuela primaria /
Guardado en:
| Autor Principal: | |
|---|---|
| Formato: | Libro |
| Publicado: |
Buenos Aires :
Magisterio del Río de la Plata,
1986
|
| Series: | Colección Actividades para la Escuela Primaria. Serie Lenguaje
|
| Materias: | |
| Etiquetas: |
Agregar Etiqueta
Sin Etiquetas, Sea el primero en etiquetar este registro!
|
| LEADER | 01021nam a22002415a 4500 | ||
|---|---|---|---|
| 001 | CEM.cems010470 | ||
| 005 | 20080515113716.0 | ||
| 008 | 130507s1986##################000#0#####d | ||
| 003 | CEMS | ||
| 082 | 0 | 4 | |a 372.6 |
| 100 | 1 | |a Starico De Accomo, Mabel Nelly | |
| 245 | 1 | 0 | |a La poesía en la escuela primaria / |c Mabel Nelly Starico de Accomo |
| 260 | |a Buenos Aires : |b Magisterio del Río de la Plata, |c 1986 | ||
| 300 | |a 127 p. | ||
| 490 | 0 | |a Colección Actividades para la Escuela Primaria. Serie Lenguaje | |
| 500 | |a Antología inicial y repertorio de actividades para Segundo y Tercer Ciclo | ||
| 505 | 0 | |a Opiniones acerca de la poesía. Para leer y reflexionar -- La poesía en los grados medios y superiores -- Propuesta para segundo y tercer ciclo -- Poesías -- Repertorio de actividades para seleccionar | |
| 653 | |a Educación | ||
| 653 | |a Lengua-didáctica | ||
| 653 | |a Poesía-egb | ||
| 653 | |a Poesía-antología | ||
| 653 | |a Poesía infantil | ||
| 859 | |a CEMS |b BIB. CEMS - 11 de abril |h 372.6 |i St28 |p 20926.00 |t Ej.1 | ||
